000 00882nam a22001937a 4500
999 _c183445
_d183445
005 20211224160256.0
010 _aHIN-121525
020 _c429.00
_a978-93-5460-134-7
035 _aHN-93871
037 _bDBAD/PUB
082 _a500
_b1
100 _aअग्रहरि, रवि पी
245 _aविज्ञान और प्रौद्योगिकी:
_bसिविल सेवाओ की प्रारम्भिक एवं मुख्य परीक्षा हेतु/
_cरवि पी अग्रहरि
250 _a5वा संस्करण
260 _aChennai
_bMcGraw Hill Education Private Limited
_c2022
270 _aAnjana Complex No. 5/90 A, Butt Road, St. Thomas Mount
_bChennai
_e600016
300 _axii,704 पृ
_c24 सेमी (सजिल्द)
942 _2ddc
_cHN
_mअग्रह
_h500